The rising sun on main street : Working with the Japanese

Contents: The background of difference, Japan's fast-changing world role, "reading" the Japanese, patterns of communication,...

সংরক্ষণ করুন:
গ্রন্থ-পঞ্জীর বিবরন
প্রধান লেখক: Lanier, Alison R.
বিন্যাস: গ্রন্থ
ভাষা:Undetermined
প্রকাশিত: Yardley-Morrisville, P.A. International Information Associates 1990
বিষয়গুলি:
ট্যাগগুলো: ট্যাগ যুক্ত করুন
কোনো ট্যাগ নেই, প্রথমজন হিসাবে ট্যাগ করুন!
Thư viện lưu trữ: Trung tâm Học liệu Trường Đại học Cần Thơ
LEADER 00750nam a2200205Ia 4500
001 CTU_78935
008 210402s9999 xx 000 0 und d
082 |a 658 
082 |b L243 
100 |a Lanier, Alison R. 
245 4 |a The rising sun on main street : 
245 0 |b Working with the Japanese 
245 0 |c Alison R. Lanier 
260 |a Yardley-Morrisville, P.A. 
260 |b International Information Associates 
260 |c 1990 
520 |a Contents: The background of difference, Japan's fast-changing world role, "reading" the Japanese, patterns of communication,... 
650 |a Đàm phán trong kinh doanh,Negotiation in business 
650 |z Nhật Bản,Japan 
980 |a Trung tâm Học liệu Trường Đại học Cần Thơ